000 00577cam a2200217 4500
001 B496
008 090401t1986 xxu||||| |||| 00| 0 eng d
035 _a(Sirsi) u36215
041 _aeng
050 _a692.8
090 _aRICS 1986/43A
110 _aRoyal Institution of Chartered Surveyors
_94900
245 _aContract instruction
250 _aRev. ed.
260 _aLondon
_bRoyal Institution of Chartered Surveyors
_c1986
300 _aPad of 200 forms ; 30cm.
350 _a3.75
650 _aCONTRACT ADMINISTRATION FORMS
942 _n0
948 _c04/03/1997
999 _c90216
_d90216